书目信息 |
| 题名: |
图书出版美学
|
|
| 作者: | 黄理彪 著 | |
| 分册: | ||
| 出版信息: | 北京 首都师范大学出版社 1998.10 |
|
| 页数: | 274页 | |
| 开本: | 2032开 | |
| 丛书名: | ||
| 单 册: | ||
| 中图分类: | G230 | |
| 科图分类: | ||
| 主题词: | 出版工作 | |
| 电子资源: | ||
| ISBN: | 7-81039-900-4 | |
| 000 | 00497nam0 2200193 45 | |
| 001 | 0004100885 | |
| 005 | 20040427154516.2 | |
| 010 | @a7-81039-900-4@b精装@dCNY19.00 | |
| 100 | @a20000410d1998 km y0chiy0120 ea | |
| 101 | @achi | |
| 105 | @a z 000yy | |
| 200 | 1 | @a图书出版美学@f黄理彪著 |
| 210 | @a北京@c首都师范大学出版社@d1998.10 | |
| 215 | @a274页@d2032开 | |
| 606 | 0 | @a出版工作 |
| 690 | @aG230@v1 | |
| 701 | @a黄理彪@4著 | |
| 801 | @aCN@bTSTC@c20000410 | |
| 905 | @dG230@e27@f3@b287327-329 | |
| 图书出版美学/黄理彪著.-北京:首都师范大学出版社,1998.10 |
| 274页;2032开 |
| ISBN 7-81039-900-4(精装):CNY19.00 |
| ● |
| 相关链接 |
|
|
|
|
正题名:图书出版美学
索取号:G230/27
 
预约/预借
| 序号 | 登录号 | 条形码 | 馆藏地/架位号 | 状态 | 备注 |
| 1 | 0287327 | 002873279 | 密集书库/ [索取号:G230/27] | 在馆 | |
| 2 | 0287328 | 002873288 | 密集书库/ [索取号:G230/27] | 在馆 | |
| 3 | 0287329 | 002873297 | 第四借阅区/ [索取号:G230/27] | 在馆 | |
| 4 | 0287330 | 002873304 | 第一样本阅览室/ [索取号:G230/27] | 在馆 |